| 000 | 00614nam a2200181 i 4500 | ||
|---|---|---|---|
| 001 | 30561 | ||
| 003 | ES-MaACL | ||
| 005 | 20240116114532.0 | ||
| 007 | t| | ||
| 008 | 030124s1921 fr ||||1| fre d | ||
| 100 | 1 |
_aBarthou, Louis ( _d1862-1934) _926135 |
|
| 245 | 1 | 0 | _aRéponse de M. Louis Barthou, membre de l'Académie française au discours de M. Joseph Bédier, prononcé dans la séance du 3 novembre 1921. |
| 260 |
_aParís : _bHonoré Champion, editeur, _c1921. |
||
| 300 |
_a54 p. ; _c20 cm. |
||
| 700 | 1 |
_aBédier, Joseph, _d1864-1938 _926997 |
|
| 852 |
_aES-MaACL _j1626-F-1 |
||
| 999 |
_c30561 _d30561 |
||